Artist by Work 2 - Statistics

General Stats
  • This quiz has been taken 459 times
  • The average score is 6 of 40
Answer Stats
Hint Answer % Correct
Anatomy Lesson of Dr. Nicolaes Tulp (1632) Rembrandt van Rijn
64%
Nighthawks (1942) Edward Hopper
59%
Rain, Steam and Speed - The Great Western Railway (1844) Joseph Mallord William Turner
45%
Composition IV (1913) Wassily Kandinsky
37%
The Basket of Apples (1894) Paul Cezanne
32%
The Blue Boy (1770) Thomas Gainsborough
32%
Death of Sardanapalus (1827) Eugene Delacroix
28%
Portrait of Sir Thomas More (1527) Hans Holbein the Younger
28%
Portrait of Hélène Fourment (1630s) Peter Paul Rubens
28%
La Grande Odalisque (1814) Jean Auguste Dominique Ingres
27%
Spirit of the Dead Watching (1892) Paul Gauguin
21%
Melencolia I (1514) Albrecht Durer
19%
Gattamelata (1453) Donatello
19%
Dome of Santa Maria del Fiore (1445) Filippo Brunelleschi
13%
The Great Red Dragon and the Woman Clothed with the Sun (1805) William Blake
11%
Maesta (1280) Cimabue
10%
Carnation, Lily, Lily, Rose (1885) John Singer Sargent
10%
The Tribute Money (1425) Masaccio
10%
Finding of the body of St Mark (1548) Tintoretto
10%
The Nightmare (1781) Henry Fuseli
9%
Portrait of Madame de Pompadour (1759) François Boucher
8%
Saint Francis in Ecstasy (1480) Giovanni Bellini
8%
San Marco Altarpiece (1443) Fra Angelico
7%
Helios and Phaeton with Saturn and the Four Seasons (1635) Nicolas Poussin
7%
The Lamentation over the Dead Christ (1490) Andrea Mantegna
6%
Avenue de l'Opera, Paris (1898) Camille Pissarro
6%
Flaming June (1895) Frederic Leighton
6%
Marie Antointee with her Children (1787) Louise Elisabeth Vigee Lebrun
6%
Relativity (1953) M.C. Escher
6%
Federico da Montefeltro and Battista Sforza (1472) Piero della Francesca
6%
Monolith, The Face of Half Dome (1927) Ansel Adams
5%
Heart of the Andes (1859) Frederic Edwin Church
5%
Allegory of Planets and Continents (1752) Giovanni Battista Tiepolo
4%
Jupiter and Io (1531) Antonio da Correggio
3%
Kindred Spirits (1849) Asher B. Durand
3%
Venise, La Piazetta (1835) Camille Corot
3%
The Smoke Signal (1905) Frederic Remington
2%
Mother India (1990s) M.F. Hussain
2%
Three Girls (1935) Amrita Sher-Gil
1%
Sphere with Inner Form (1963) Dame Barbara Hepworth
1%
No matching quizzes found
Score Distribution
Percent of People with Each Score
Percentile by Number Answered
Your Score History
You have not taken this quiz